| 000 | 00700nam a2200241Ia 4500 | ||
|---|---|---|---|
| 003 | OSt | ||
| 005 | 20220121102618.0 | ||
| 008 | 210716s1998 xx 000 0 und d | ||
| 020 | _a0137813457 | ||
| 040 | _cAIMIT LIBRARY | ||
| 041 | _aeng | ||
| 082 | _a332.0973 BODZ | ||
| 100 |
_aBodie, Zvi. _914144 |
||
| 245 |
_aFinance. _cby Zvi Bodie and Robert C Merton. |
||
| 250 | _a1st. ed.- | ||
| 260 |
_aNew Jersey: _bPrentice Hall, _c1998. |
||
| 300 | _axvii, 442p. ;25cm | ||
| 650 |
_aFinance and the finacial system _914145 |
||
| 650 |
_aValuvation _914146 |
||
| 650 |
_aRisk Management and portfolio theory _914147 |
||
| 700 |
_aMerton, Robert C. _914148 |
||
| 942 |
_2ddc _cBK _e1 _k332.0973 BOOZ |
||
| 999 |
_c198997 _d198997 |
||